Best College Football Team in Each State - Statistics

General Stats
  • This quiz has been taken 752 times
  • The average score is 37 of 49
Answer Stats
Hint Answer % Correct
Alabama Alabama
99%
Arizona Arizona
98%
Arkansas Arkansas
98%
Colorado Colorado
95%
Florida Florida
94%
Georgia Georgia
94%
Hawaii Hawaii
93%
California Southern California
92%
Illinois Illinois
89%
Kansas Kansas
89%
Kentucky Kentucky
89%
Idaho Idaho
87%
Louisiana LSU
87%
Michigan Michigan
85%
Nebraska Nebraska
83%
Ohio Ohio State
83%
Oklahoma Oklahoma
83%
Mississippi Ole Miss
83%
Oregon Oregon
83%
Missouri Missouri
82%
Texas Texas
82%
Minnesota Minnesota
81%
Tennessee Tennessee
81%
Utah Utah
81%
Nevada Nevada
80%
West Virginia West Virginia
79%
Wisconsin Wisconsin
79%
Wyoming Wyoming
79%
Maine Maine
78%
Montana Montana
78%
North Carolina North Carolina
78%
Washington Washington
78%
Delaware Delaware
77%
New Mexico New Mexico
77%
Pennsylvania Penn State
77%
Virginia Virginia Tech
76%
Indiana Notre Dame
72%
South Carolina Clemson
68%
Vermont Vermont
68%
North Dakota North Dakota State
67%
South Dakota South Dakota State
64%
New York Syracuse
61%
Connecticut Yale
44%
Maryland Navy
42%
Massachusetts Harvard
38%
New Jersey Princeton
37%
Rhode Island Brown
31%
New Hampshire Dartmouth
28%
Iowa Northern Iowa
24%
No matching quizzes found
Score Distribution
Percent of People with Each Score
Percentile by Number Answered
Your Score History
You have not taken this quiz